[Event "Ricany op"]
[Site "Ricany"]
[Date "2010.08.25"]
[Round "6"]
[White "Wasserbauer, Radek"]
[Black "Ries, Vilem"]
[Result "1-0"]
[WhiteElo "2066"]
[BlackElo "1940"]
[PlyCount "43"]
[EventDate "2010.08.21"]
[EventType "swiss"]
[EventRounds "9"]
[EventCountry "CZE"]
[SourceTitle "EXT 2022"]
[Source "ChessBase"]
[SourceDate "2021.10.06"]
[SourceVersion "1"]
[SourceVersionDate "2021.10.06"]
[SourceQuality "1"]

1. e4 e5 2. Nc3 Nf6 3. f4 d5 4. fxe5 Nxe4 5. Nf3 Be7 6. Qe2 Bf5 7. g3 c6 8. Bg2 Nd7 9. Nd4 Bg6 10. Nxe4 dxe4 11. e6 Ne5 12. exf7+ Nxf7 13. Ne6 Qd6 14. Nxg7+ Kd7 15. Bh3+ Kc7 16. Ne6+ Kb8 17. 0-0 b6 18. Nf4 Ng5 19. Bg2 Qc5+ 20. Kh1 Qxc2 21. h4 Bf7 22. hxg5 1-0

[Event "Ricany op"]
[Site "Ricany"]
[Date "2010.08.23"]
[Round "4"]
[White "Minasjan, Garegin"]
[Black "Ries, Vilem"]
[Result "0-1"]
[WhiteElo "1841"]
[BlackElo "1940"]
[PlyCount "90"]
[EventDate "2010.08.21"]
[EventType "swiss"]
[EventRounds "9"]
[EventCountry "CZE"]
[SourceTitle "EXT 2022"]
[Source "ChessBase"]
[SourceDate "2021.10.06"]
[SourceVersion "1"]
[SourceVersionDate "2021.10.06"]
[SourceQuality "1"]

1. e4 Nf6 2. Nc3 e5 3. Nf3 Nc6 4. d4 exd4 5. Nd5 Be7 6. Bf4 d6 7. Nxd4 0-0 8. Bb5 Nxd4 9. Qxd4 Nxd5 10. exd5 Bf6 11. Qb4 a6 12. Bd3 Re8+ 13. Kd2 a5 14. Qb3 Bg5 15. Be3 Bxe3+ 16. fxe3 Qg5 17. Bf1 a4 18. Qd3 Bf5 19. Qd4 Re4 20. Qc3 Rae8 21. Re1 Bg6 22. a3 Qxd5+ 23. Qd3 Qc6 24. Qc3 Qd5+ 25. Qd3 Qg5 26. Qc3 R4e5 27. b4 axb3 28. Qxb3 Rc5 29. c4 Be4 30. Rg1 d5 31. Kc1 dxc4 32. Qc3 Rb5 33. Bxc4 Rc5 34. a4 Qe5 35. Kb2 Rxc4 36. Qxe5 Rxe5 37. Rd1 h6 38. Kb3 Rc2 39. Rd4 Bg6 40. e4 Rxe4 41. Rd8+ Kh7 42. Kxc2 Rd4+ 43. Kc3 Rxd8 44. Kb4 Rd2 45. h3 Rc2 0-1

[Event "Ricany op"]
[Site "Ricany"]
[Date "2010.08.22"]
[Round "2"]
[White "Havlicek, Pavel"]
[Black "Ries, Vilem"]
[Result "0-1"]
[WhiteElo "1810"]
[BlackElo "1940"]
[PlyCount "66"]
[EventDate "2010.08.21"]
[EventType "swiss"]
[EventRounds "9"]
[EventCountry "CZE"]
[SourceTitle "EXT 2022"]
[Source "ChessBase"]
[SourceDate "2021.10.06"]
[SourceVersion "1"]
[SourceVersionDate "2021.10.06"]
[SourceQuality "1"]

1. e4 e5 2. Nf3 Nc6 3. Bc4 Nf6 4. 0-0 Bc5 5. b4 Bxb4 6. c3 Be7 7. d4 exd4 8. Re1 Nxe4 9. Qb3 Nd6 10. Bd3 0-0 11. cxd4 Ne8 12. Nc3 Nf6 13. d5 Nb4 14. Bc4 c6 15. dxc6 bxc6 16. Qa4 a5 17. a3 Na6 18. Qc2 d5 19. Ba2 Nc5 20. Be3 Ng4 21. Bd4 Ne6 22. h3 Nf6 23. Be3 Ba6 24. Nd4 Nxd4 25. Bxd4 c5 26. Be5 d4 27. Na4 Rc8 28. Rab1 d3 29. Qc3 d2 30. Red1 Ne4 31. Qf3 Qd3 32. Qg4 Bf6 33. Bxf6 Nxf6 0-1

[Event "Sec Svetla op"]
[Site "Sec u Chrudimi"]
[Date "2008.10.29"]
[Round "6"]
[White "Hajek, Jaroslav"]
[Black "Ries, Vilem"]
[Result "0-1"]
[WhiteElo "1925"]
[BlackElo "2038"]
[PlyCount "110"]
[EventDate "2008.10.25"]
[EventType "swiss"]
[EventRounds "9"]
[EventCountry "CZE"]
[SourceTitle "EXT 2023"]
[Source "ChessBase"]
[SourceDate "2022.10.05"]
[SourceVersion "1"]
[SourceVersionDate "2022.10.05"]
[SourceQuality "1"]

1. e4 e5 2. Nf3 Nc6 3. Bb5 a6 4. Bxc6 dxc6 5. 0-0 Qd6 6. d4 Bg4 7. dxe5 Bxf3 8. exd6 Bxd1 9. d7+ Kxd7 10. Rxd1+ Kc8 11. Bg5 f6 12. Be3 Bd6 13. Nc3 Ne7 14. Ne2 f5 15. Nc3 Re8 16. Bd4 g6 17. Re1 b6 18. exf5 gxf5 19. Re6 c5 20. Bf6 Kd7 21. Rae1 Nc6 22. Rxe8 Rxe8 23. Rxe8 Kxe8 24. Nd5 Kd7 25. c4 Nd4 26. h3 b5 27. Kf1 Ke6 28. Bg5 Nc6 29. Ke2 Na5 30. Ne3 f4 31. Nd5 Nxc4 32. Nc3 Nxb2 33. Kf3 Kf5 34. Ne4 Nd3 35. Nxd6+ cxd6 36. Be7 c4 37. Ke2 Ke5 38. g4 Nxf2 39. Kxf2 d5 40. Ke2 Ke4 41. Bb4 d4 42. h4 f3+ 43. Kf2 Kf4 44. g5 Kg4 45. Be7 c3 46. Bb4 Kxh4 47. Kxf3 Kxg5 48. Ke4 c2 49. Bd2+ Kg4 50. Kxd4 h5 51. Kd3 h4 52. Ke2 Kg3 53. Kf1 Kf3 54. Bg5 h3 55. Kg1 Ke2 0-1

[Event "Sec Svetla op"]
[Site "Sec u Chrudimi"]
[Date "2008.10.28"]
[Round "4"]
[White "Strakos, Tomas"]
[Black "Ries, Vilem"]
[Result "0-1"]
[WhiteElo "1787"]
[BlackElo "2038"]
[PlyCount "62"]
[EventDate "2008.10.25"]
[EventType "swiss"]
[EventRounds "9"]
[EventCountry "CZE"]
[SourceTitle "EXT 2023"]
[Source "ChessBase"]
[SourceDate "2022.10.05"]
[SourceVersion "1"]
[SourceVersionDate "2022.10.05"]
[SourceQuality "1"]

1. d4 f5 2. c4 g6 3. Nf3 Nf6 4. g3 Bg7 5. Bg2 0-0 6. 0-0 d6 7. Nc3 c6 8. d5 e5 9. dxe6 Bxe6 10. Qd3 Na6 11. Ng5 Re8 12. Nxe6 Rxe6 13. Qc2 Qe7 14. Rb1 Ng4 15. e3 Nb4 16. Qe2 a5 17. a3 Na6 18. Na4 Qf7 19. b3 g5 20. h3 Nf6 21. Qd3 Nh5 22. Bb2 Bh6 23. g4 fxg4 24. hxg4 Nf6 25. f3 Rae8 26. e4 Bg7 27. Qd2 Qg6 28. Qxa5 h5 29. Qf5 Qh6 30. Bc1 Re5 31. Bxg5 Qxg5 0-1

[Event "Tabor op"]
[Site "Tabor"]
[Date "2008.07.30"]
[Round "5"]
[White "Ruzicka, Ales"]
[Black "Ries, Vilem"]
[Result "1-0"]
[WhiteElo "2019"]
[BlackElo "1872"]
[PlyCount "91"]
[EventDate "2008.07.26"]
[EventType "swiss"]
[EventRounds "9"]
[EventCountry "CZE"]
[SourceTitle "CBM 125 Extra"]
[Source "ChessBase"]
[SourceDate "2008.09.01"]
[SourceVersion "1"]
[SourceVersionDate "2008.09.01"]
[SourceQuality "1"]

1. e4 e5 2. Nf3 Nc6 3. Bb5 a6 4. Ba4 Nf6 5. 0-0 Be7 6. Re1 b5 7. Bb3 0-0 8. h3 d6 9. c3 Na5 10. Bc2 c5 11. d4 Re8 12. Nbd2 Bf8 13. Nf1 Nc6 14. d5 Ne7 15. g4 h6 16. Ng3 g5 17. Nf5 Ng6 18. Kh2 Nf4 19. Rg1 Ra7 20. Be3 Bxf5 21. gxf5 Kh8 22. Nd2 N6h5 23. Nf1 f6 24. a4 Ree7 25. b4 Rec7 26. c4 bxc4 27. bxc5 dxc5 28. Nd2 Rab7 29. Nxc4 Rb4 30. Na5 Qd6 31. Nc6 Rc4 32. Bd3 Rc3 33. Bxa6 c4 34. Rc1 Rxc1 35. Qxc1 Ne2 36. Qd1 Nxg1 37. Qxh5 Nf3+ 38. Qxf3 Rxc6 39. dxc6 Qxc6 40. Bb5 Qc7 41. Qd1 c3 42. Qd7 Qa5 43. Qf7 Bg7 44. Bc4 Qd8 45. a5 c2 46. a6 1-0

[Event "Tabor op"]
[Site "Tabor"]
[Date "2008.07.29"]
[Round "4"]
[White "Lizner, Milan"]
[Black "Ries, Vilem"]
[Result "0-1"]
[WhiteElo "2050"]
[BlackElo "1872"]
[PlyCount "26"]
[EventDate "2008.07.26"]
[EventType "swiss"]
[EventRounds "9"]
[EventCountry "CZE"]
[SourceTitle "CBM 125 Extra"]
[Source "ChessBase"]
[SourceDate "2008.09.01"]
[SourceVersion "1"]
[SourceVersionDate "2008.09.01"]
[SourceQuality "1"]

1. e4 e5 2. Nf3 Nc6 3. c3 d6 4. h3 f5 5. exf5 Bxf5 6. Bb5 Nf6 7. d3 Be7 8. 0-0 Qd7 9. Kh2 h6 10. d4 e4 11. d5 exf3 12. dxc6 bxc6 13. Bd3 fxg2 0-1

[Event "Sec op-A"]
[Site "Sec u Chrudimi"]
[Date "2007.10.26"]
[Round "8"]
[White "Zanikov, Konstantin"]
[Black "Ries, Vilem"]
[Result "1-0"]
[WhiteElo "1942"]
[BlackElo "1870"]
[PlyCount "67"]
[EventDate "2007.10.20"]
[EventType "swiss"]
[EventRounds "9"]
[EventCountry "CZE"]
[SourceTitle "EXT 2022"]
[Source "ChessBase"]
[SourceDate "2021.10.06"]
[SourceVersion "1"]
[SourceVersionDate "2021.10.06"]
[SourceQuality "1"]

1. e4 e5 2. Nf3 Nc6 3. d4 exd4 4. Bc4 Nf6 5. e5 d5 6. Bb5 Ne4 7. 0-0 Bd7 8. Bf4 Nxe5 9. Bxd7+ Nxd7 10. Qxd4 Ndf6 11. Nc3 Be7 12. Rad1 c6 13. Qd3 0-0 14. Rfe1 Nc5 15. Qe2 Ne6 16. Be5 Ng4 17. Nd4 Nxe5 18. Qxe5 Nxd4 19. Qxd4 Re8 20. Qd3 Qb6 21. Na4 Qa5 22. Qb3 Bc5 23. c3 b6 24. Nxc5 Qxc5 25. Qa4 Re6 26. Rxe6 fxe6 27. Re1 Rf8 28. Qh4 Qd6 29. Qh5 Qf4 30. f3 Qd2 31. Qe5 Re8 32. Re2 Qd3 33. Kf2 Qf5 34. Qxf5 1-0

[Event "Sec op-A"]
[Site "Sec u Chrudimi"]
[Date "2007.10.25"]
[Round "7"]
[White "Ries, Vilem"]
[Black "Kindl, Jan"]
[Result "1/2-1/2"]
[WhiteElo "1870"]
[BlackElo "1826"]
[PlyCount "60"]
[EventDate "2007.10.20"]
[EventType "swiss"]
[EventRounds "9"]
[EventCountry "CZE"]
[SourceTitle "EXT 2022"]
[Source "ChessBase"]
[SourceDate "2021.10.06"]
[SourceVersion "1"]
[SourceVersionDate "2021.10.06"]
[SourceQuality "1"]

1. e4 e6 2. d4 d5 3. Nc3 Bb4 4. e5 c5 5. a3 Bxc3+ 6. bxc3 Nc6 7. Qg4 Kf8 8. Be2 Nge7 9. Nf3 Qc7 10. 0-0 Bd7 11. Qf4 Ng6 12. Qg3 cxd4 13. cxd4 Kg8 14. h4 f6 15. h5 Nge7 16. Bd3 fxe5 17. Bh6 g6 18. dxe5 Kf7 19. Qg5 Rhg8 20. Qf6+ Ke8 21. Rfe1 Kd8 22. Ng5 Qc8 23. Nxh7 gxh5 24. Ng5 Kc7 25. Nf7 a6 26. Rab1 b6 27. f4 Rg3 28. f5 Qg8 29. Re2 Nd4 30. Rf2 Ndxf5 1/2-1/2

[Event "Sec op-A"]
[Site "Sec u Chrudimi"]
[Date "2007.10.22"]
[Round "3"]
[White "Ries, Vilem"]
[Black "Priesol, Tomas"]
[Result "1/2-1/2"]
[WhiteElo "1870"]
[BlackElo "1804"]
[PlyCount "38"]
[EventDate "2007.10.20"]
[EventType "swiss"]
[EventRounds "9"]
[EventCountry "CZE"]
[SourceTitle "EXT 2022"]
[Source "ChessBase"]
[SourceDate "2021.10.06"]
[SourceVersion "1"]
[SourceVersionDate "2021.10.06"]
[SourceQuality "1"]

1. e4 e5 2. Nf3 Nc6 3. Bb5 a6 4. Ba4 Nf6 5. 0-0 b5 6. Bb3 d6 7. Re1 Be7 8. h3 Na5 9. c3 c5 10. d4 Qc7 11. d5 0-0 12. Nbd2 Nb7 13. Nf1 Ne8 14. g4 g6 15. Ng3 Ng7 16. Bh6 Nd8 17. Bc2 f6 18. Qd2 Nf7 19. Be3 Bd7 1/2-1/2

[Event "CZE-ch U16"]
[Site "Sec u Chrudimi"]
[Date "2005.10.24"]
[Round "3"]
[White "Ries, Vilem"]
[Black "Slapnicka, Karel"]
[Result "1/2-1/2"]
[WhiteElo "1520"]
[BlackElo "1719"]
[PlyCount "53"]
[EventDate "2005.10.22"]
[EventType "swiss"]
[EventRounds "9"]
[EventCountry "CZE"]
[SourceTitle "EXT 2008"]
[Source "ChessBase"]
[SourceDate "2007.11.25"]
[SourceVersion "1"]
[SourceVersionDate "2007.11.25"]
[SourceQuality "1"]

1. e4 e5 2. Nf3 Nc6 3. d4 exd4 4. Nxd4 d6 5. Bc4 Nf6 6. Nc3 Be7 7. 0-0 0-0 8. Nxc6 bxc6 9. f4 Be6 10. Ba6 Rb8 11. f5 Bc8 12. Bc4 Re8 13. b3 Nxe4 14. Bxf7+ Kxf7 15. Nxe4 Ba6 16. Rf4 Bf6 17. Qh5+ Kg8 18. Rb1 Bd4+ 19. Kh1 d5 20. f6 Rxe4 21. f7+ Kf8 22. Ba3+ c5 23. Rxe4 dxe4 24. Qxh7 Kxf7 25. Qf5+ Qf6 26. Qd7+ Qe7 27. Qf5+ 1/2-1/2